[Event "Regionalliga NW 1617"]
[Site "Bayern"]
[Date "2017.03.19"]
[Round "7.7"]
[White "Klueber, Werner"]
[Black "Markert, Markus"]
[Result "0-1"]
[WhiteElo "1660"]
[BlackElo "1901"]
[PlyCount "144"]
[EventDate "2016.10.16"]
[EventType "team-tourn"]
[EventRounds "9"]
[EventCountry "GER"]
[SourceTitle "EXT 2019"]
[Source "ChessBase"]
[SourceDate "2018.10.10"]
[SourceVersion "1"]
[SourceVersionDate "2018.10.10"]
[SourceQuality "1"]
[WhiteTeam "Prichsenstadt"]
[BlackTeam "Bad Neustadt"]
[WhiteTeamCountry "GER"]
[BlackTeamCountry "GER"]

1. d4 d5 2. Nf3 Nf6 3. c4 e6 4. Nc3 c6 5. e3 Bd6 6. Bd3 dxc4 7. Bxc4 Nbd7 8. 0-0 0-0 9. Qc2 e5 10. dxe5 Nxe5 11. Nxe5 Bxe5 12. e4 h6 13. h3 Qe7 14. Bd3 Be6 15. Be3 Bc7 16. f4 Bb6 17. Qf2 Rfd8 18. Bc2 Qb4 19. Rab1 Rd7 20. a3 Qe7 21. Bxb6 axb6 22. Rfd1 Rxd1+ 23. Rxd1 b5 24. Qd2 b4 25. axb4 Qxb4 26. Bb1 Bb3 27. Re1 Nh5 28. Kh2 Qb6 29. g3 Rd8 30. Qe3 Qxe3 31. Rxe3 Bc4 32. Kg1 Rd2 33. b4 Rb2 34. e5 Rxb4 35. Kf2 Rb2+ 36. Kf3 g6 37. Bd3 Be6 38. g4 Ng7 39. Ne4 Bd5 40. Kg3 Bxe4 41. Bxe4 Ne6 42. h4 Nc5 43. Bf3 Rb3 44. Re2 Kf8 45. h5 gxh5 46. gxh5 Ne6 47. Re4 Ke7 48. Kg4 Rb1 49. Rc4 Rg1+ 50. Kf5 Rg3 51. Ke4 Rg1 52. Ke3 Rb1 53. Be4 Rb3+ 54. Bd3 c5 55. Ra4 b5 56. Ra7+ Kf8 57. Ke4 Rb4+ 58. Ke3 Nxf4 59. Rb7 Nxd3 60. Kxd3 Rd4+ 61. Ke3 b4 62. Rb6 Kg7 63. e6 fxe6 64. Rxe6 b3 65. Rb6 Rb4 66. Rg6+ Kf7 67. Rg1 b2 68. Rb1 Kf6 69. Kd3 Kg5 70. Kc3 Kxh5 71. Rxb2 Rxb2 72. Kxb2 Kg4 0-1

[Event "Regionalliga NW 1617"]
[Site "Bayern"]
[Date "2017.02.19"]
[Round "6.8"]
[White "Klueber, Werner"]
[Black "Kitschke, Stephan"]
[Result "1/2-1/2"]
[WhiteElo "1660"]
[BlackElo "1698"]
[PlyCount "27"]
[EventDate "2016.10.16"]
[EventType "team-tourn"]
[EventRounds "9"]
[EventCountry "GER"]
[SourceTitle "EXT 2019"]
[Source "ChessBase"]
[SourceDate "2018.10.10"]
[SourceVersion "1"]
[SourceVersionDate "2018.10.10"]
[SourceQuality "1"]
[WhiteTeam "Prichsenstadt"]
[BlackTeam "Hof PTSV"]
[WhiteTeamCountry "GER"]
[BlackTeamCountry "GER"]

1. d4 d5 2. c4 c6 3. cxd5 cxd5 4. Nc3 Nf6 5. Nf3 Nc6 6. Bf4 a6 7. e3 Bf5 8. Bd3 Bxd3 9. Qxd3 e6 10. 0-0 Bd6 11. Bxd6 Qxd6 12. a3 0-0 13. Rac1 Rac8 14. Rfd1 1/2-1/2

[Event "GER-chA Seniors 28th"]
[Site "Niederhausen"]
[Date "2016.08.20"]
[Round "8"]
[White "Kracht, Helmut"]
[Black "Klueber, Werner"]
[Result "1-0"]
[WhiteElo "2019"]
[BlackElo "1884"]
[PlyCount "151"]
[EventDate "2016.08.13"]
[EventType "swiss"]
[EventRounds "9"]
[EventCountry "GER"]
[SourceTitle "EXT 2019"]
[Source "ChessBase"]
[SourceDate "2018.10.10"]
[SourceVersion "1"]
[SourceVersionDate "2018.10.10"]
[SourceQuality "1"]

1. e4 e5 2. Nf3 Nc6 3. d4 exd4 4. Nxd4 Bc5 5. Nb3 Bb6 6. a4 a6 7. Nc3 Qf6 8. Qe2 Nge7 9. Be3 Bxe3 10. Qxe3 0-0 11. 0-0-0 d6 12. h3 Be6 13. Nd5 Bxd5 14. exd5 Ne5 15. h4 Ng4 16. Qd4 Nxf2 17. Qxf6 gxf6 18. Bd3 Rfe8 19. Rdf1 Nxh1 20. Rxh1 Nxd5 21. Rf1 Re5 22. Nd4 Rae8 23. Kd2 Ne3 24. Rxf6 Rh5 25. Rf3 c5 26. Rg3+ Kh8 27. Nf3 c4 28. Be2 Rd5+ 29. Kc3 h6 30. Nd4 Nf5 31. Nxf5 Rxf5 32. Bxc4 Rc8 33. Kb3 Rg8 34. Rd3 Rd8 35. Bd5 Rd7 36. Bf3 Kg7 37. Bg4 Kf6 38. Bxf5 Kxf5 39. Rg3 f6 40. Kc3 Re7 41. Rf3+ Kg6 42. Kd3 Re5 43. Rf4 b5 44. Rd4 bxa4 45. Rxa4 a5 46. Rd4 Rb5 47. b3 d5 48. Rf4 h5 49. g3 Rc5 50. Ra4 Rb5 51. Rd4 Kh6 52. g4 Rb4 53. gxh5 Rb5 54. Rf4 Kxh5 55. Rxf6 Kxh4 56. Kd4 a4 57. bxa4 Rb4+ 58. Kxd5 Rxa4 59. c4 Kg5 60. Rf8 Ra1 61. c5 Rd1+ 62. Kc6 Rd2 63. Kc7 Kg6 64. Rf1 Rb2 65. c6 Kg7 66. Rd1 Kf7 67. Rd3 Ke7 68. Re3+ Kf7 69. Re4 Rb1 70. Kd6 Rd1+ 71. Kc5 Rc1+ 72. Rc4 Rxc4+ 73. Kxc4 Ke7 74. Kc5 Kd8 75. Kb6 Kc8 76. c7 1-0

[Event "GER-chA Seniors 28th"]
[Site "Niederhausen"]
[Date "2016.08.13"]
[Round "1"]
[White "Klueber, Werner"]
[Black "Straub, Peter"]
[Result "1-0"]
[WhiteElo "1884"]
[BlackElo "2105"]
[PlyCount "61"]
[EventDate "2016.08.13"]
[EventType "swiss"]
[EventRounds "9"]
[EventCountry "GER"]
[SourceTitle "EXT 2019"]
[Source "ChessBase"]
[SourceDate "2018.10.10"]
[SourceVersion "1"]
[SourceVersionDate "2018.10.10"]
[SourceQuality "1"]

1. d4 Nf6 2. Nf3 e6 3. c4 b6 4. g3 Bb7 5. Bg2 d5 6. cxd5 exd5 7. Nc3 Be7 8. 0-0 0-0 9. Bf4 c6 10. Rc1 Nbd7 11. Re1 Re8 12. Nd2 Nh5 13. Be3 Bd6 14. Nf1 f5 15. Qd2 f4 16. Bxf4 Nxf4 17. gxf4 Qh4 18. e3 Nf6 19. f3 c5 20. Nb5 Bb8 21. dxc5 bxc5 22. Rxc5 Bxf4 23. Nc7 Bxc7 24. Rxc7 Ba6 25. Qf2 Qh6 26. Ng3 Bc8 27. e4 dxe4 28. Nxe4 Nd5 29. Rxa7 Rxa7 30. Qxa7 Nf4 31. Nf6+ 1-0

[Event "Hessen-ch Seniors op 12th"]
[Site "Bad Sooden-Allendorf"]
[Date "2016.05.08"]
[Round "8"]
[White "Klueber, Werner"]
[Black "Tomas, Johann"]
[Result "1/2-1/2"]
[WhiteElo "1886"]
[BlackElo "1812"]
[PlyCount "137"]
[EventDate "2016.04.30"]
[EventType "swiss"]
[EventRounds "9"]
[EventCountry "GER"]
[SourceTitle "EXT 2019"]
[Source "ChessBase"]
[SourceDate "2018.10.10"]
[SourceVersion "1"]
[SourceVersionDate "2018.10.10"]
[SourceQuality "1"]

1. d4 e6 2. c4 c6 3. Nc3 Ne7 4. Nf3 Ng6 5. e4 Be7 6. Be2 Na6 7. 0-0 Nc7 8. h3 0-0 9. Be3 Ne8 10. e5 f5 11. exf6 Bxf6 12. Qd2 d5 13. cxd5 exd5 14. Bd3 Nh8 15. Qc2 g6 16. b4 Bg7 17. Be2 Bf5 18. Qb3 Nd6 19. a4 Nhf7 20. Rac1 Re8 21. b5 Rb8 22. Qa3 Bf8 23. Qb3 Be6 24. Qc2 Bf5 25. Bd3 Bxd3 26. Qxd3 Nc4 27. Bf4 Bd6 28. Bxd6 Qxd6 29. Rfe1 Kg7 30. Re2 Qf4 31. Rce1 Nfd6 32. g3 Qf8 33. Ng5 Qf6 34. h4 Rxe2 35. Rxe2 Re8 36. Rxe8 Nxe8 37. Qe2 Ned6 38. Qg4 Nf5 39. Qf4 h6 40. Nf3 Nfd6 41. Qg4 Qf5 42. Qxf5 gxf5 43. bxc6 bxc6 44. Ne5 Nxe5 45. dxe5 Ne4 46. Ne2 c5 47. f3 Nd2 48. Kf2 d4 49. f4 Kf7 50. Ke1 Ne4 51. a5 d3 52. Ng1 Nxg3 53. Nf3 Ne2 54. Kd2 c4 55. a6 Ke6 56. Ke3 Kd5 57. h5 Ke6 58. Nd2 c3 59. Kxd3 Nxf4+ 60. Kxc3 Kxe5 61. Nc4+ Ke6 62. Kd4 Nxh5 63. Nb6 Kd6 64. Nc8+ Kc7 65. Nxa7 Kb6 66. Nc8+ Kxa6 67. Ne7 Ng7 68. Ke5 h5 69. Nxf5 1/2-1/2

[Event "Hessen-ch Seniors op 12th"]
[Site "Bad Sooden-Allendorf"]
[Date "2016.05.03"]
[Round "4"]
[White "Klueber, Werner"]
[Black "Nagorni, Walter"]
[Result "1/2-1/2"]
[WhiteElo "1886"]
[BlackElo "2000"]
[PlyCount "67"]
[EventDate "2016.04.30"]
[EventType "swiss"]
[EventRounds "9"]
[EventCountry "GER"]
[SourceTitle "EXT 2019"]
[Source "ChessBase"]
[SourceDate "2018.10.10"]
[SourceVersion "1"]
[SourceVersionDate "2018.10.10"]
[SourceQuality "1"]

1. d4 Nf6 2. Nf3 c5 3. d5 g6 4. c4 Bg7 5. Nc3 0-0 6. e4 d6 7. Be2 a6 8. a4 Bg4 9. 0-0 Nbd7 10. h3 Bxf3 11. Bxf3 Qc7 12. Bf4 Ne8 13. Qd2 Ne5 14. Be2 e6 15. Be3 exd5 16. Nxd5 Qd8 17. f4 Nc6 18. e5 Nd4 19. Bxd4 cxd4 20. Qxd4 dxe5 21. fxe5 Nc7 22. Bf3 Nxd5 23. Bxd5 Qc7 24. Rae1 Rad8 25. Kh1 Rd7 26. Re2 Rfd8 27. Qe4 Re7 28. e6 f5 29. Qc2 b5 30. axb5 axb5 31. b3 Qc5 32. Rd1 Bf6 33. Kh2 Kg7 34. Bf3 1/2-1/2

[Event "GER-chA Seniors 27th"]
[Site "Magdeburg"]
[Date "2015.08.23"]
[Round "9"]
[White "Hanft, Guenter"]
[Black "Klueber, Werner"]
[Result "0-1"]
[WhiteElo "1733"]
[BlackElo "1893"]
[PlyCount "100"]
[EventDate "2015.08.15"]
[EventType "swiss"]
[EventRounds "9"]
[EventCountry "GER"]
[SourceTitle "EXT 2018"]
[Source "ChessBase"]
[SourceDate "2017.10.13"]
[SourceVersion "1"]
[SourceVersionDate "2017.10.13"]
[SourceQuality "1"]

1. e4 e5 2. Nf3 Nc6 3. Bc4 Be7 4. d4 exd4 5. Nxd4 d6 6. Nc3 Nf6 7. 0-0 0-0 8. f3 Ne5 9. Bb3 c5 10. f4 cxd4 11. fxe5 dxe5 12. Nd5 Be6 13. Nxf6+ Bxf6 14. Bxe6 fxe6 15. Qg4 Qe7 16. Bd2 Rf7 17. Qh3 Rc8 18. Qb3 Qd7 19. Rac1 Qc6 20. Qd3 Qb6 21. Qb3 Qxb3 22. axb3 Rfc7 23. c4 b6 24. Kf2 Rf8 25. Ke2 Rcf7 26. b4 Rc8 27. b3 Be7 28. Rxf7 Kxf7 29. b5 Ke8 30. Kd3 Kd7 31. Ra1 Rc7 32. Rf1 Ke8 33. Rc1 Kd7 34. Rf1 Kc8 35. g4 h6 36. Be1 Kb7 37. Bg3 Bd6 38. Rf3 a6 39. bxa6+ Kxa6 40. Bf2 b5 41. Be1 Kb6 42. h3 bxc4+ 43. bxc4 Kb7 44. Rf2 Kc6 45. Bd2 Ra7 46. Bc1 Bb4 47. Bb2 Bc5 48. Rc2 Ba3 49. Bc1 Bxc1 50. Rxc1 Ra3+ 0-1

[Event "GER-chA Seniors 27th"]
[Site "Magdeburg"]
[Date "2015.08.21"]
[Round "7"]
[White "Seidel, Arnold"]
[Black "Klueber, Werner"]
[Result "1-0"]
[WhiteElo "1992"]
[BlackElo "1893"]
[PlyCount "45"]
[EventDate "2015.08.15"]
[EventType "swiss"]
[EventRounds "9"]
[EventCountry "GER"]
[SourceTitle "EXT 2018"]
[Source "ChessBase"]
[SourceDate "2017.10.13"]
[SourceVersion "1"]
[SourceVersionDate "2017.10.13"]
[SourceQuality "1"]

1. e4 g6 2. d4 Bg7 3. Nc3 d6 4. f4 e6 5. Nf3 Ne7 6. Be3 Nd7 7. Bd3 b6 8. a4 a5 9. Bb5 c6 10. Bd3 Bb7 11. Qd2 Qc7 12. Qf2 0-0 13. g4 c5 14. h4 cxd4 15. Bxd4 e5 16. fxe5 dxe5 17. Be3 Nc5 18. h5 f5 19. Bc4+ Kh8 20. hxg6 Nxg6 21. Rxh7+ Kxh7 22. Ng5+ Kh8 23. Qh2+ 1-0

[Event "GER-chA Seniors 27th"]
[Site "Magdeburg"]
[Date "2015.08.17"]
[Round "3"]
[White "Klueber, Werner"]
[Black "Dyk, Roland"]
[Result "1/2-1/2"]
[WhiteElo "1893"]
[BlackElo "2064"]
[PlyCount "132"]
[EventDate "2015.08.15"]
[EventType "swiss"]
[EventRounds "9"]
[EventCountry "GER"]
[SourceTitle "EXT 2018"]
[Source "ChessBase"]
[SourceDate "2017.10.13"]
[SourceVersion "1"]
[SourceVersionDate "2017.10.13"]
[SourceQuality "1"]

1. d4 Nf6 2. c4 g6 3. Nc3 Bg7 4. e4 d6 5. Nf3 Nbd7 6. Be2 0-0 7. 0-0 h6 8. h3 e5 9. dxe5 dxe5 10. Be3 c6 11. Qc2 Qc7 12. Rfd1 Kh7 13. Bd3 Ng8 14. Nd2 Ne7 15. f3 b6 16. a3 Bb7 17. Rab1 Rac8 18. b4 a6 19. Rdc1 Rfd8 20. Nb3 Nf8 21. c5 b5 22. Rd1 Rd7 23. Bf1 Rcd8 24. Rxd7 Rxd7 25. Rd1 Ne6 26. Ne2 Bc8 27. Rd2 Qd8 28. Qd1 f5 29. Rxd7 Bxd7 30. exf5 gxf5 31. Na5 Nd5 32. Bf2 Qc8 33. Qc2 Nef4 34. Nxf4 exf4 35. Qd2 Qe8 36. Bd4 Bxd4+ 37. Qxd4 Qe3+ 38. Qxe3 fxe3 39. g3 Kg7 40. f4 Nf6 41. Kg2 Nd5 42. Bd3 Kf6 43. Kf3 Be8 44. Nb3 h5 45. h4 Bf7 46. Nd4 Ne7 47. Kxe3 Be8 48. Nf3 Bf7 49. Ne5 Be8 50. Be2 Ke6 51. Kd4 Kf6 52. Bd1 Kg7 53. Bb3 Kf6 54. Ba2 Kg7 55. Nf3 Kf6 56. Ng5 Ng6 57. Nf3 Ne7 58. Bb1 Bf7 59. Nd2 Be6 60. Bc2 Bf7 61. Bd1 Be8 62. Nb3 Nd5 63. Na5 Nc7 64. Bb3 Ne6+ 65. Bxe6 Kxe6 66. Nb7 Bd7 1/2-1/2

[Event "Bayern-ch Seniors op 27th"]
[Site "Bergen"]
[Date "2015.06.15"]
[Round "8"]
[White "Duerr, Rainer"]
[Black "Klueber, Werner"]
[Result "1/2-1/2"]
[WhiteElo "1816"]
[BlackElo "1740"]
[PlyCount "38"]
[EventDate "2015.06.15"]
[EventType "swiss"]
[EventRounds "9"]
[EventCountry "GER"]
[SourceTitle "EXT 2019"]
[Source "ChessBase"]
[SourceDate "2018.10.10"]
[SourceVersion "1"]
[SourceVersionDate "2018.10.10"]
[SourceQuality "1"]

1. d4 Nf6 2. Nf3 g6 3. Bg5 Bg7 4. Nbd2 d5 5. e3 0-0 6. Bd3 Nbd7 7. c3 b6 8. 0-0 Bb7 9. a4 a5 10. Ne5 Ne4 11. Nxd7 Qxd7 12. Bf4 Nxd2 13. Qxd2 Rac8 14. b4 axb4 15. cxb4 c5 16. bxc5 bxc5 17. Bb5 Bc6 18. Bxc6 Qxc6 19. Ra2 c4 1/2-1/2

[Event "Bayern-ch Seniors op 27th"]
[Site "Bergen"]
[Date "2015.06.15"]
[Round "9"]
[White "Klueber, Werner"]
[Black "Mahrla, Hans"]
[Result "0-1"]
[WhiteElo "1740"]
[BlackElo "1647"]
[PlyCount "92"]
[EventDate "2015.06.15"]
[EventType "swiss"]
[EventRounds "9"]
[EventCountry "GER"]
[SourceTitle "EXT 2019"]
[Source "ChessBase"]
[SourceDate "2018.10.10"]
[SourceVersion "1"]
[SourceVersionDate "2018.10.10"]
[SourceQuality "1"]

1. d4 Nf6 2. c4 e6 3. Nc3 d5 4. Nf3 a6 5. Bf4 Be7 6. e3 dxc4 7. Bxc4 b5 8. Bd3 Bb7 9. h3 Nbd7 10. 0-0 Rc8 11. Rc1 c5 12. dxc5 Nxc5 13. Be2 0-0 14. Ne5 Qxd1 15. Rfxd1 Rfd8 16. Rxd8+ Rxd8 17. Rd1 Rxd1+ 18. Bxd1 Nd5 19. Nxd5 Bxd5 20. a3 f6 21. Nf3 e5 22. Bg3 Nd3 23. b4 Nb2 24. Bc2 Nc4 25. Bb3 Nxe3 26. fxe3 Bxb3 27. Nd2 Bd5 28. Bf2 e4 29. Bg3 Kf7 30. Kf2 Ke6 31. Bc7 f5 32. g3 Bf6 33. g4 g6 34. gxf5+ gxf5 35. Bb6 Bb2 36. Bd4 Bxa3 37. Bc3 a5 38. bxa5 b4 39. Bd4 Kd6 40. Nb1 Bc1 41. Ke2 f4 42. exf4 Bxf4 43. a6 Bc4+ 44. Kf2 Bxa6 45. Ke1 Kd5 46. Bb2 Bc8 0-1

[Event "Bayern-ch Seniors op 27th"]
[Site "Bergen"]
[Date "2015.06.15"]
[Round "3"]
[White "Klueber, Werner"]
[Black "Urytskyy, Arkadiy"]
[Result "0-1"]
[WhiteElo "1740"]
[BlackElo "2078"]
[PlyCount "74"]
[EventDate "2015.06.15"]
[EventType "swiss"]
[EventRounds "9"]
[EventCountry "GER"]
[SourceTitle "EXT 2019"]
[Source "ChessBase"]
[SourceDate "2018.10.10"]
[SourceVersion "1"]
[SourceVersionDate "2018.10.10"]
[SourceQuality "1"]

1. d4 Nf6 2. c4 g6 3. Nc3 Bg7 4. e4 d6 5. Nf3 0-0 6. Be2 Nbd7 7. 0-0 c6 8. h3 e5 9. dxe5 dxe5 10. Be3 Re8 11. Qd2 Qc7 12. Rfd1 Nf8 13. Rac1 Ne6 14. Qc2 Nh5 15. Ng5 Nhf4 16. Nxe6 Nxe6 17. b4 Nd4 18. Qb1 Be6 19. Bd3 Rad8 20. Ne2 Rd7 21. f3 Red8 22. Nxd4 exd4 23. Bf2 Qf4 24. Kf1 Bh6 25. Kg1 Bg7 26. Kf1 Qh2 27. Bg1 Qh1 28. Kf2 Bh6 29. Rc2 Bf4 30. Re2 h5 31. Rf1 Be3+ 32. Kg3 h4+ 33. Kxh4 Bxg1 34. Rxg1 Qh2 35. g4 Qf4 36. Qc1 Qxf3 37. Rg3 Qf6+ 0-1

[Event "Regionalliga NW 1415"]
[Site "Bayern"]
[Date "2015.01.18"]
[Round "5.5"]
[White "Sonnenberg, Christoph"]
[Black "Klueber, Werner"]
[Result "1/2-1/2"]
[WhiteElo "1892"]
[BlackElo "1702"]
[PlyCount "93"]
[EventDate "2014.10.19"]
[EventType "team-tourn"]
[EventRounds "9"]
[EventCountry "GER"]
[SourceTitle "EXT 2018"]
[Source "ChessBase"]
[SourceDate "2017.10.13"]
[SourceVersion "1"]
[SourceVersionDate "2017.10.13"]
[SourceQuality "1"]
[WhiteTeam "Rottendorf"]
[BlackTeam "Prichsenstadt"]
[WhiteTeamCountry "GER"]
[BlackTeamCountry "GER"]

1. c4 Nf6 2. g3 g6 3. Bg2 Bg7 4. Nc3 c6 5. d4 0-0 6. Nf3 d6 7. 0-0 Bg4 8. h3 Bxf3 9. Bxf3 Nbd7 10. Rb1 Rb8 11. e4 e5 12. d5 cxd5 13. Nxd5 Nxd5 14. Qxd5 Nf6 15. Qd3 Qc7 16. Be3 b6 17. Rfd1 Rfd8 18. Rbc1 Qe7 19. Qa3 Ne8 20. b4 Bf8 21. Rd2 h5 22. h4 Rb7 23. Rdc2 Rdb8 24. Bg2 Qe6 25. Qd3 Kh7 26. Kh2 Bh6 27. Bh3 Qe7 28. Rd1 Bxe3 29. Qxe3 Kg7 30. Rcd2 Rc7 31. Qe2 Kh7 32. Rd5 Kg7 33. c5 bxc5 34. bxc5 Rxc5 35. Rxc5 dxc5 36. Rd7 Qf6 37. Rxa7 c4 38. Ra3 Qc6 39. Rc3 Nd6 40. f3 Rb7 41. Qc2 Rc7 42. Bf1 Qc5 43. Kg2 Qd4 44. a4 Ra7 45. Ra3 Nb5 46. Ra2 Nd6 47. a5 1/2-1/2

[Event "Regionalliga NW 1415"]
[Site "Bayern"]
[Date "2014.11.23"]
[Round "3.5"]
[White "Markert, Markus"]
[Black "Klueber, Werner"]
[Result "1-0"]
[WhiteElo "1904"]
[BlackElo "1702"]
[PlyCount "110"]
[EventDate "2014.10.19"]
[EventType "team-tourn"]
[EventRounds "9"]
[EventCountry "GER"]
[SourceTitle "EXT 2018"]
[Source "ChessBase"]
[SourceDate "2017.10.13"]
[SourceVersion "1"]
[SourceVersionDate "2017.10.13"]
[SourceQuality "1"]
[WhiteTeam "Bad Neustadt"]
[BlackTeam "Prichsenstadt"]
[WhiteTeamCountry "GER"]
[BlackTeamCountry "GER"]

1. d4 d5 2. Nf3 Nf6 3. Bf4 e6 4. e3 Be7 5. Nbd2 0-0 6. Bd3 c5 7. dxc5 Bxc5 8. c3 Nc6 9. Qc2 h6 10. h3 Bd6 11. Bxd6 Qxd6 12. 0-0 e5 13. e4 Be6 14. exd5 Bxd5 15. Rad1 Qe7 16. Rfe1 Rfe8 17. Ne4 Nxe4 18. Bxe4 Bxe4 19. Rxe4 f5 20. Ra4 Qe6 21. Nh4 Rf8 22. Qb3 Qf7 23. Rd7 Qxb3 24. axb3 Rab8 25. Ra1 e4 26. Ng6 Rf7 27. Rad1 Rxd7 28. Rxd7 Kh7 29. Nh4 Ne5 30. Rc7 f4 31. Nf5 Kg6 32. Nxg7 e3 33. Ne6 Kf5 34. Nd4+ Ke4 35. Re7 exf2+ 36. Kxf2 Kd5 37. Rh7 Nd3+ 38. Kf3 Nxb2 39. Rxh6 Nd1 40. Rh5+ Kd6 41. c4 Rg8 42. Ne2 Nb2 43. Rd5+ Kc6 44. Rd2 Nxc4 45. bxc4 Kc5 46. Rd4 Rg3+ 47. Kf2 a5 48. Rxf4 Rg7 49. Rf5+ Kxc4 50. Rxa5 b5 51. Ra1 b4 52. Rb1 Rf7+ 53. Ke1 Re7 54. Rb2 Rg7 55. g3 Ra7 1-0

[Event "Bayern-ch op Seniors 26th"]
[Site "Bergen"]
[Date "2014.06.25"]
[Round "5"]
[White "Schroeder, Klaus"]
[Black "Klueber, Werner"]
[Result "1/2-1/2"]
[WhiteElo "1680"]
[BlackElo "1769"]
[PlyCount "59"]
[EventDate "2014.06.21"]
[EventType "swiss"]
[EventRounds "7"]
[EventCountry "GER"]
[SourceTitle "EXT 2018"]
[Source "ChessBase"]
[SourceDate "2017.10.13"]
[SourceVersion "1"]
[SourceVersionDate "2017.10.13"]
[SourceQuality "1"]

1. Nf3 d5 2. d4 Nf6 3. e3 e6 4. Bd3 Be7 5. 0-0 0-0 6. Nbd2 b6 7. b3 Bb7 8. Bb2 Nbd7 9. c4 c5 10. Rc1 Rc8 11. Ne5 cxd4 12. exd4 dxc4 13. Bxc4 Nd5 14. Ndf3 h6 15. Re1 N7f6 16. a3 a6 17. b4 b5 18. Ba2 Qb6 19. Nd3 a5 20. Qd2 axb4 21. axb4 Rxc1 22. Rxc1 Rc8 23. Nc5 Bc6 24. Ne5 Be8 25. Bb3 Ra8 26. h3 Ra7 27. Ned3 Bd6 28. Re1 Qb8 29. Qe2 Bh2+ 30. Kh1 1/2-1/2

[Event "Bayern-ch op Seniors 26th"]
[Site "Bergen"]
[Date "2014.06.24"]
[Round "4"]
[White "Klueber, Werner"]
[Black "Boldt, Heinrich"]
[Result "1/2-1/2"]
[WhiteElo "1769"]
[BlackElo "1701"]
[PlyCount "54"]
[EventDate "2014.06.21"]
[EventType "swiss"]
[EventRounds "7"]
[EventCountry "GER"]
[SourceTitle "EXT 2018"]
[Source "ChessBase"]
[SourceDate "2017.10.13"]
[SourceVersion "1"]
[SourceVersionDate "2017.10.13"]
[SourceQuality "1"]

1. d4 Nf6 2. c4 d5 3. cxd5 Nxd5 4. Nf3 Bf5 5. a3 e6 6. g3 Nd7 7. Bg2 c6 8. 0-0 Be7 9. Re1 N5f6 10. Nc3 h5 11. e4 Bg6 12. d5 Bc5 13. h3 Qc7 14. dxe6 fxe6 15. e5 Nh7 16. b4 Be7 17. Bb2 Nb6 18. Qb3 Nd5 19. Rac1 Qd7 20. Nxd5 cxd5 21. Qc3 Ng5 22. Nxg5 Bxg5 23. f4 Bd8 24. Kh2 0-0 25. Qe3 Bb6 26. Bd4 Bxd4 27. Qxd4 Rfc8 1/2-1/2

[Event "Regionalliga NW 1314"]
[Site "Bayern"]
[Date "2014.04.06"]
[Round "9.7"]
[White "Klueber, Werner"]
[Black "Labin, Sascha"]
[Result "1/2-1/2"]
[WhiteElo "1766"]
[BlackElo "1941"]
[PlyCount "45"]
[EventDate "2013.10.13"]
[EventType "team-tourn"]
[EventRounds "9"]
[EventCountry "GER"]
[SourceTitle "EXT 2015"]
[Source "ChessBase"]
[SourceDate "2014.11.20"]
[SourceVersion "1"]
[SourceVersionDate "2014.11.20"]
[SourceQuality "1"]
[WhiteTeam "Prichsenstadt"]
[BlackTeam "Bamberg"]
[WhiteTeamCountry "GER"]
[BlackTeamCountry "GER"]

1. d4 Nf6 2. c4 e6 3. Nc3 Bb4 4. Qc2 c5 5. dxc5 0-0 6. Nf3 Bxc5 7. e3 b6 8. Be2 Bb7 9. 0-0 a6 10. a3 Qc7 11. h3 Rd8 12. b4 Be7 13. Bb2 d6 14. Rac1 Nbd7 15. Rfd1 Rac8 16. Qb1 Qb8 17. Nd4 Qa8 18. Bf1 Ne5 19. Na4 Ned7 20. Nc3 Rc7 21. Qa2 Rdc8 22. Nce2 Ne5 23. Ng3 1/2-1/2

[Event "Regionalliga NW 1314"]
[Site "Bayern"]
[Date "2014.03.16"]
[Round "8.8"]
[White "Klueber, Werner"]
[Black "Trice, Mark"]
[Result "1/2-1/2"]
[WhiteElo "1766"]
[BlackElo "1869"]
[PlyCount "134"]
[EventDate "2013.10.13"]
[EventType "team-tourn"]
[EventRounds "9"]
[EventCountry "GER"]
[SourceTitle "EXT 2015"]
[Source "ChessBase"]
[SourceDate "2014.11.20"]
[SourceVersion "1"]
[SourceVersionDate "2014.11.20"]
[SourceQuality "1"]
[WhiteTeam "Prichsenstadt"]
[BlackTeam "Wuerzburg II"]
[WhiteTeamCountry "GER"]
[BlackTeamCountry "GER"]

1. d4 Nf6 2. c4 g6 3. Nc3 Bg7 4. Nf3 0-0 5. e4 d6 6. Be2 e5 7. dxe5 dxe5 8. Qxd8 Rxd8 9. Bg5 Re8 10. Nd5 Nxd5 11. cxd5 f6 12. Be3 Bf8 13. 0-0 Nd7 14. Rac1 Bd6 15. Nd2 Nb6 16. Nc4 Nxc4 17. Bxc4 Bd7 18. a3 Kg7 19. Bd3 b6 20. Ba6 Rab8 21. f3 f5 22. Bd3 f4 23. Bf2 g5 24. Be2 h5 25. Kh1 Rh8 26. Rc3 Rbf8 27. Rfc1 Bc8 28. a4 Rf7 29. a5 bxa5 30. Bc5 Bd7 31. Bxa7 Ra8 32. Bc5 Rb8 33. Bxd6 cxd6 34. b3 Rb4 35. Kg1 Kf6 36. Bd1 g4 37. Ra1 Rd4 38. Be2 Rd2 39. Kf1 gxf3 40. Bxf3 Bg4 41. Rxa5 Rb7 42. Ra6 Ke7 43. Rac6 Bxf3 44. Rxf3 Ra7 45. Rc1 Raa2 46. Rh3 Rf2+ 47. Kg1 Rxg2+ 48. Kh1 Rg5 49. Rg1 Kf6 50. Rc3 Rg4 51. h3 Rxg1+ 52. Kxg1 Rb2 53. h4 Ke7 54. Rc7+ Kd8 55. Rh7 Rxb3 56. Rxh5 Re3 57. Rh8+ Kc7 58. h5 Rxe4 59. h6 f3 60. Kf2 Rh4 61. Kxf3 Kb7 62. h7 Ka7 63. Rd8 Rxh7 64. Rxd6 Re7 65. Ke4 Kb7 66. Re6 Rh7 67. Kxe5 Kc7 1/2-1/2

[Event "Regionalliga NW 1314"]
[Site "Bayern"]
[Date "2014.02.23"]
[Round "7.8"]
[White "Guentner, Peter"]
[Black "Klueber, Werner"]
[Result "1-0"]
[WhiteElo "1898"]
[BlackElo "1766"]
[PlyCount "205"]
[EventDate "2013.10.13"]
[EventType "team-tourn"]
[EventRounds "9"]
[EventCountry "GER"]
[SourceTitle "EXT 2015"]
[Source "ChessBase"]
[SourceDate "2014.11.20"]
[SourceVersion "1"]
[SourceVersionDate "2014.11.20"]
[SourceQuality "1"]
[WhiteTeam "Rottendorf"]
[BlackTeam "Prichsenstadt"]
[WhiteTeamCountry "GER"]
[BlackTeamCountry "GER"]

1. d4 d5 2. Bg5 Nf6 3. e3 Bf5 4. Bd3 Bxd3 5. cxd3 Nbd7 6. Nf3 g6 7. Nc3 Bg7 8. 0-0 c6 9. Qa4 0-0 10. Rac1 h6 11. Bh4 g5 12. Bg3 Nh5 13. Be5 Nxe5 14. Nxe5 Bxe5 15. dxe5 Ng7 16. e4 e6 17. Qc2 f6 18. exd5 exd5 19. d4 fxe5 20. dxe5 Qe7 21. Rce1 Qe6 22. Qd2 Rf5 23. Qd4 Rf4 24. Qc5 Rf5 25. Qd4 Rf4 26. Qc5 Rf5 27. Qb4 b6 28. Qd4 Rf4 29. Qd2 Raf8 30. Ne2 Re4 31. Nd4 Qe8 32. Rxe4 dxe4 33. h4 c5 34. Ne2 Qxe5 35. hxg5 hxg5 36. Nc3 Nh5 37. Re1 Nf6 38. f3 e3 39. Qxe3 Qf5 40. Qe2 Kg7 41. Qe6 Qxe6 42. Rxe6 Rf7 43. Kf2 Rd7 44. Ke3 Kf7 45. Re5 Kg6 46. a4 Rd4 47. Re6 Kf7 48. Rc6 Rb4 49. Rc7+ Kg6 50. Rxa7 Rxb2 51. Rb7 Rb3 52. Kd2 Rb2+ 53. Kd3 Rb4 54. Ra7 Rd4+ 55. Ke3 Rb4 56. a5 Rb3 57. Kd2 bxa5 58. Rxa5 Rb2+ 59. Ke3 Rxg2 60. Rxc5 Rc2 61. Kd3 Rg2 62. Rc6 Kf5 63. Ke3 Rg1 64. Rc5+ Ke6 65. Ne2 Rg2 66. Nd4+ Kf7 67. Nc6 Nh5 68. Ne5+ Kf6 69. Ng4+ Kg6 70. Rc6+ Kf5 71. Nh6+ Ke5 72. Nf7+ Kd5 73. Rd6+ Kc4 74. Rg6 Nf4 75. Rxg5 Rxg5 76. Nxg5 Nd5+ 77. Ke4 Nf6+ 78. Ke5 Nh5 79. Ne4 Kb5 80. Nf6 Ng3 81. Ke6 Kc6 82. Ke7 Nf5+ 83. Kf7 Kd6 84. Ng4 Ng3 85. Kf6 Ne2 86. Nf2 Kd7 87. Kf7 Kd6 88. Ng4 Kd7 89. Ne3 Kd8 90. Nd5 Kd7 91. Kf6 Ke8 92. Ke5 Kf7 93. Nf4 Ng3 94. Nd5 Ne2 95. Ne3 Kf8 96. Nd5 Kf7 97. Ke4 Kf8 98. Nf4 Ng3+ 99. Ke5 Kg7 100. Nd3 Ne2 101. Nc5 Kf8 102. Ne4 Kg7 103. Kf5 1-0